LEADER 01097nam a2200277 i 4500 001 000000247959 003 CaOOAMICUS 005 20260424144838.0 008 160216s1970 it u000 u ita u 013 $a226864 040 $aSeMil$bita 100 1 $aCasini, Alfonso.$0(OLS)http://semarc/name/32797 245 10$aTutte le opere di Sinesio di Cirene :$bprima traduzione in lingua italiana /$cAlfonso Casini. 260 $aMilano ; Roma :$bGastaldi,$c1970. 300 $a253 p. ;$c18 cm. 490 0 $aCultura 700 0 $aSynesius : Cyrenensis,$d<370-413?>.$0(OLS)http://semarc/name/15872 830 0$aCultura.$0(OLS)http://semarc/title/6873 850 $aSeMil 852 $aSeMil$W1$xVenegono$y1$m1X I 206$j198305$B198305$CSeMilBibl$Z2$F210582 $81 900 0 $aSinesio : di Cirene. 961 $aLascito: Calori don Carlo 996 $6245$aTutte le opere di Sinesio di Cirene :$bprima traduzione in lingua italiana$9(OLS)http://semarc/title/350025 996 $6260$aMilano ; Roma :$bGastaldi$9(OLS)http://semarc/publisher/39735